[Event "2. Bundesliga Ost 2012/2013"]
[Site "6.+7.10., 17.+18.11., 1.12., 2.+3.2., 9.+10.3., 6.
[Date "2013.04.07"]
[Round "11"]
[Board "4"]
[White "Kirschner, Alexander"]
[Black "Fiala, Vaclav"]
[Result "1-0"]
[WhiteElo "2281"]
[BlackElo "2188"]
[PlyCount "95"]
[EventDate "2012.10.06"]
[EventType "team"]
[EventRounds "11"]
[EventCountry "AUT"]
[WhiteTeam "Raiffeisen Waehring"]
[BlackTeam "Zwettl 2"]

1. c4 e5 2. Nc3 Nc6 3. g3 f5 4. Bg2 Nf6 5. d3 Bc5 6. Nf3 d6 7. O-O O-O 8. Bd2
Qe8 9. Nd5 Nxd5 10. cxd5 Ne7 11. b4 Bb6 12. Qb3 a5 13. a4 axb4 14. Bxb4 e4 15.
Ne1 Qf7 16. Bxd6 cxd6 17. Qxb6 Nxd5 18. Qd4 Nf6 19. Qxd6 Bd7 20. Qb4 Bc6 21.
Nc2 exd3 22. exd3 Bxg2 23. Kxg2 Qd5+ 24. Kg1 Qxd3 25. Ne3 Qe4 26. Qb5 g6 27. a5
Qf3 28. Ra3 Rfd8 29. Nc4 Qe2 30. Re3 Qa2 31. Re7 Rab8 32. Qe5 Rf8 33. Nb6 Rbd8
34. Rxb7 Rde8 35. Qc7 Rf7 36. Qxf7+ Qxf7 37. Rxf7 Kxf7 38. a6 Re7 39. Ra1 Ra7
40. Nc8 Ra8 41. a7 Nd7 42. Rd1 Ne5 43. f4 Rxc8 44. fxe5 Ke6 45. Ra1 Ra8 46. Ra5
g5 47. Kf2 h5 48. Kf3 1-0

[Event "2. Bundesliga Ost 2012/2013"]
[Site "6.+7.10., 17.+18.11., 1.12., 2.+3.2., 9.+10.3., 6.
[Date "2013.04.07"]
[Round "11"]
[Board "5"]
[White "Stadler, Peter"]
[Black "Todor, Razvan"]
[Result "1-0"]
[WhiteElo "2129"]
[BlackElo "2202"]
[PlyCount "57"]
[EventDate "2012.10.06"]
[EventType "team"]
[EventRounds "11"]
[EventCountry "AUT"]
[WhiteTeam "Zwettl 2"]
[BlackTeam "Raiffeisen Waehring"]

1. d4 g6 2. g3 Bg7 3. Bg2 f5 4. Nf3 Nf6 5. c4 d6 6. Nc3 O-O 7. O-O Qe8 8. d5 a5
9. Nd4 Na6 10. b3 Nc5 11. Bb2 Bd7 12. Qc2 c6 13. Rad1 Rc8 14. a3 cxd5 15. cxd5
Nce4 16. Qd3 Nc5 17. Qd2 Qd8 18. Rb1 Qb6 19. Ba1 Na6 20. Rfd1 Qc5 21. Na4 Bxa4
22. bxa4 Qxa3 23. Ne6 Rfe8 24. Nxg7 Kxg7 25. Rxb7 Qxa4 26. Rdb1 Rc7 27. Rxc7
Nxc7 28. Bc3 Qc4 29. Rc1 1-0

[Event "2. Bundesliga Ost 2012/2013"]
[Site "6.+7.10., 17.+18.11., 1.12., 2.+3.2., 9.+10.3., 6.
[Date "2013.04.07"]
[Round "11"]
[Board "6"]
[White "Lovrinovic, Christian"]
[Black "Lipp, Alfred"]
[Result "1/2-1/2"]
[WhiteElo "2139"]
[BlackElo "2132"]
[PlyCount "110"]
[EventDate "2012.10.06"]
[EventType "team"]
[EventRounds "11"]
[EventCountry "AUT"]
[WhiteTeam "Raiffeisen Waehring"]
[BlackTeam "Zwettl 2"]

1. d4 d5 2. c4 e6 3. Nc3 Nf6 4. cxd5 exd5 5. Bg5 Be7 6. e3 O-O 7. Bd3 Nbd7 8.
Qc2 Re8 9. Nge2 Nf8 10. O-O c6 11. f3 Nh5 12. Bxe7 Rxe7 13. e4 g6 14. Rad1 Ne6
15. e5 Nef4 16. Qc1 Nxd3 17. Rxd3 Bf5 18. Rdd1 Ng7 19. g4 Bd7 20. h3 h5 21. Kg2
Qf8 22. Nf4 h4 23. Nfe2 Ne6 24. f4 f5 25. exf6 Qxf6 26. f5 gxf5 27. Rxf5 Qg7
28. Rdf1 Rf8 29. Rxf8+ Nxf8 30. Qf4 b5 31. b4 a5 32. a3 axb4 33. axb4 Nh7 34.
Ra1 Ng5 35. Ra8+ Be8 36. Qf2 Qf7 37. Nf4 Ne4 38. Nxe4 Rxe4 39. Nd3 Qe7 40. Ne5
Kg7 41. Qd2 Bg6 42. Rh8 Rxe5 43. Qh6+ Kf7 44. dxe5 Be4+ 45. Kf1 Bd3+ 46. Kg2
Be4+ 47. Kf2 Qa7+ 48. Qe3 Qa2+ 49. Qe2 Qa1 50. Rxh4 Qxe5 51. Rh5 Qf4+ 52. Ke1
Qc1+ 53. Kf2 Qf4+ 54. Ke1 Qc1+ 55. Kf2 Qf4+ 1/2-1/2

[Event "2. Bundesliga Ost 2012/2013"]
[Site "6.+7.10., 17.+18.11., 1.12., 2.+3.2., 9.+10.3., 6.
[Date "2013.04.07"]
[Round "11"]
[Board "1"]
[White "Loeffler, Stefan"]
[Black "Videki, Sandor"]
[Result "1/2-1/2"]
[WhiteElo "2410"]
[BlackElo "2429"]
[PlyCount "60"]
[EventDate "2012.10.06"]
[EventType "team"]
[EventRounds "11"]
[EventCountry "AUT"]
[WhiteTeam "ASVOe VHS Poechlarn"]
[BlackTeam "Spg Data Technology Eichgraben/P."]

1. d4 d6 2. Nf3 g6 3. g3 Nf6 4. Bg2 Bg7 5. c4 O-O 6. Nc3 Nc6 7. O-O a6 8. b3
Rb8 9. d5 Na5 10. Bd2 c5 11. a4 e6 12. dxe6 fxe6 13. Bf4 Ne8 14. Rc1 Nc6 15.
Ne4 e5 16. Bg5 Qc7 17. Qd5+ Kh8 18. Rcd1 Nd4 19. Nxd4 cxd4 20. f4 Bf5 21. g4
Bxe4 22. Bxe4 Nf6 23. Bxf6 Bxf6 24. Rd3 Qc5 25. Rdf3 Qxd5 26. Bxd5 Be7 27. a5
b6 28. axb6 Rxb6 29. c5 dxc5 30. fxe5 Rbb8 1/2-1/2

[Event "2. Bundesliga Ost 2012/2013"]
[Site "6.+7.10., 17.+18.11., 1.12., 2.+3.2., 9.+10.3., 6.
[Date "2013.04.07"]
[Round "11"]
[Board "2"]
[White "Ganaus, Hannes"]
[Black "Kostic, Vladimir"]
[Result "1/2-1/2"]
[WhiteElo "2331"]
[BlackElo "2417"]
[PlyCount "61"]
[EventDate "2012.10.06"]
[EventType "team"]
[EventRounds "11"]
[EventCountry "AUT"]
[WhiteTeam "Spg Data Technology Eichgraben/P."]
[BlackTeam "ASVOe VHS Poechlarn"]

1. d4 d5 2. Nf3 c5 3. c3 cxd4 4. cxd4 Nc6 5. Nc3 Nf6 6. Bf4 a6 7. h3 Ne4 8. e3
Nxc3 9. bxc3 Bf5 10. Bd3 Bxd3 11. Qxd3 e6 12. O-O Be7 13. Rab1 Na5 14. Nd2 Rc8
15. Rfc1 O-O 16. c4 dxc4 17. Nxc4 Nxc4 18. Rxc4 b5 19. Rxc8 Qxc8 20. e4 Qd7 21.
Rc1 Bd6 22. Bxd6 Qxd6 23. Qc3 h6 24. Rd1 Rd8 25. d5 exd5 26. Rxd5 Qe7 27. Rxd8+
Qxd8 28. g3 Qe8 29. a3 Qxe4 30. Qc8+ Kh7 31. Qxa6 1/2-1/2

[Event "2. Bundesliga Ost 2012/2013"]
[Site "6.+7.10., 17.+18.11., 1.12., 2.+3.2., 9.+10.3., 6.
[Date "2013.04.07"]
[Round "11"]
[Board "3"]
[White "Weinzettl, Ernst"]
[Black "Neumeier, Klaus"]
[Result "1/2-1/2"]
[WhiteElo "2257"]
[BlackElo "2255"]
[PlyCount "61"]
[EventDate "2012.10.06"]
[EventType "team"]
[EventRounds "11"]
[EventCountry "AUT"]
[WhiteTeam "ASVOe VHS Poechlarn"]
[BlackTeam "Spg Data Technology Eichgraben/P."]

1. d4 d5 2. c4 c6 3. Nc3 Nf6 4. cxd5 cxd5 5. Nf3 Nc6 6. Bf4 a6 7. e3 Bg4 8. Be2
e6 9. Ne5 Bxe2 10. Qxe2 Nxe5 11. Bxe5 Bd6 12. Bxd6 Qxd6 13. O-O O-O 14. Rfc1
Rfc8 15. Rc2 Rc7 16. Rac1 Rac8 17. Na4 Nd7 18. g3 g6 19. a3 b5 20. Rxc7 Rxc7
21. Rxc7 Qxc7 22. Nc5 Qd6 23. Nxd7 Qxd7 24. Qc2 Kf8 25. Kg2 h5 26. Qc5+ Ke8 27.
h3 Qb7 28. g4 hxg4 29. hxg4 a5 30. b4 axb4 31. axb4 1/2-1/2

[Event "2. Bundesliga Ost 2012/2013"]
[Site "6.+7.10., 17.+18.11., 1.12., 2.+3.2., 9.+10.3., 6.
[Date "2013.04.07"]
[Round "11"]
[Board "4"]
[White "Weissenbeck, Manuel"]
[Black "Wilke, Werner"]
[Result "1/2-1/2"]
[WhiteElo "2238"]
[BlackElo "2249"]
[PlyCount "38"]
[EventDate "2012.10.06"]
[EventType "team"]
[EventRounds "11"]
[EventCountry "AUT"]
[WhiteTeam "Spg Data Technology Eichgraben/P."]
[BlackTeam "ASVOe VHS Poechlarn"]

1. d4 Nf6 2. Nf3 d5 3. Bf4 Bf5 4. e3 e6 5. Bd3 Bxd3 6. Qxd3 c6 7. Nbd2 Bd6 8.
Bxd6 Qxd6 9. O-O Nbd7 10. c4 O-O 11. cxd5 exd5 12. Rab1 Rfe8 13. b4 a6 14. a4
Ne4 15. b5 axb5 16. axb5 Ra3 17. Qc2 c5 18. dxc5 Qxc5 19. Rfc1 Rc8 1/2-1/2

[Event "2. Bundesliga Ost 2012/2013"]
[Site "6.+7.10., 17.+18.11., 1.12., 2.+3.2., 9.+10.3., 6.
[Date "2013.04.07"]
[Round "11"]
[Board "5"]
[White "Loidl, Florian"]
[Black "Hechl, Gerald"]
[Result "1/2-1/2"]
[WhiteElo "2203"]
[BlackElo "2220"]
[PlyCount "25"]
[EventDate "2012.10.06"]
[EventType "team"]
[EventRounds "11"]
[EventCountry "AUT"]
[WhiteTeam "ASVOe VHS Poechlarn"]
[BlackTeam "Spg Data Technology Eichgraben/P."]

1. e4 e5 2. Nf3 Nc6 3. Bb5 a6 4. Ba4 Nf6 5. O-O b5 6. Bb3 Be7 7. Re1 O-O 8. c3
d6 9. h3 Re8 10. Ng5 Rf8 11. Nf3 Re8 12. Ng5 Rf8 13. Nf3 1/2-1/2

[Event "2. Bundesliga Ost 2012/2013"]
[Site "6.+7.10., 17.+18.11., 1.12., 2.+3.2., 9.+10.3., 6.
[Date "2013.04.07"]
[Round "11"]
[Board "6"]
[White "Mayr, Thomas"]
[Black "Mittermayr, Gerhard"]
[Result "1/2-1/2"]
[WhiteElo "2125"]
[BlackElo "2117"]
[PlyCount "59"]
[EventDate "2012.10.06"]
[EventType "team"]
[EventRounds "11"]
[EventCountry "AUT"]
[WhiteTeam "Spg Data Technology Eichgraben/P."]
[BlackTeam "ASVOe VHS Poechlarn"]

1. e4 e6 2. d4 d5 3. exd5 exd5 4. Bd3 Bd6 5. Nf3 Nf6 6. O-O O-O 7. Bg5 Bg4 8.
Nbd2 Nbd7 9. c4 c6 10. Qc2 Qc7 11. Bh4 Bh5 12. Bg3 Bg6 13. Rfe1 Rfe8 14. Bxg6
hxg6 15. c5 Bxg3 16. hxg3 Rxe1+ 17. Rxe1 Re8 18. Rxe8+ Nxe8 19. b4 a6 20. Qd3
Kf8 21. Kf1 Qd8 22. Qe3 Qe7 23. Ke2 f6 24. Nh4 Qxe3+ 25. Kxe3 g5 26. Nhf3 Nc7
27. a4 Ke7 28. Kd3 Ke6 29. Ke3 Ke7 30. Kd3 1/2-1/2

[Event "2. Bundesliga Ost 2012/2013"]
[Site "6.+7.10., 17.+18.11., 1.12., 2.+3.2., 9.+10.3., 6.
[Date "2013.04.07"]
[Round "11"]
[Board "1"]
[White "Baumegger, Siegfried"]
[Black "Schneider-Zinner, Harald"]
[Result "1-0"]
[WhiteElo "2462"]
[BlackElo "2369"]
[PlyCount "59"]
[EventDate "2012.10.06"]
[EventType "team"]
[EventRounds "11"]
[EventCountry "AUT"]
[WhiteTeam "tschaturanga"]
[BlackTeam "SK Wien-Ottakring"]

1. Nf3 d5 2. c4 e6 3. d4 Nf6 4. g3 Bb4+ 5. Bd2 Be7 6. Bg2 c6 7. Qc2 Nbd7 8. O-O
O-O 9. Bf4 b6 10. Rd1 Ba6 11. b3 Rc8 12. Nc3 Nh5 13. Bc1 Nhf6 14. e4 dxc4 15.
Nd2 c5 16. d5 exd5 17. exd5 Bd6 18. Nxc4 Bxc4 19. bxc4 Ne5 20. Nb5 Bb8 21. Bb2
a6 22. Na7 Bxa7 23. Bxe5 Bb8 24. d6 Nd7 25. Bb2 b5 26. Bb7 Nb6 27. cxb5 axb5
28. Bxc8 Qxc8 29. Qc3 f6 30. Qb3+ 1-0

[Event "2. Bundesliga Ost 2012/2013"]
[Site "6.+7.10., 17.+18.11., 1.12., 2.+3.2., 9.+10.3., 6.
[Date "2013.04.07"]
[Round "11"]
[Board "2"]
[White "Steiner, Adam"]
[Black "Srienz, Christian"]
[Result "1-0"]
[WhiteElo "2276"]
[BlackElo "2323"]
[PlyCount "129"]
[EventDate "2012.10.06"]
[EventType "team"]
[EventRounds "11"]
[EventCountry "AUT"]
[WhiteTeam "SK Wien-Ottakring"]
[BlackTeam "tschaturanga"]

1. e4 c5 2. Nf3 Nc6 3. d4 cxd4 4. Nxd4 Nf6 5. Nc3 d6 6. Be2 g6 7. Be3 Bg7 8. h4
h5 9. f3 Bd7 10. Qd2 a6 11. O-O-O Ne5 12. f4 Neg4 13. Bg1 Rc8 14. Nf3 Qa5 15.
Ng5 O-O 16. Kb1 Rfd8 17. Bd4 e5 18. Bg1 Qc7 19. Qxd6 Qxd6 20. Rxd6 exf4 21. Bb6
Re8 22. Rhd1 Ne5 23. Nf3 Bg4 24. Bd4 Bxf3 25. gxf3 Rc6 26. Bxe5 Rxe5 27. Rxc6
bxc6 28. Bxa6 g5 29. hxg5 Rxg5 30. Ne2 Nxe4 31. fxe4 f3 32. Nf4 h4 33. Rf1 Rg3
34. Nh5 Be5 35. Nxg3 hxg3 36. Rxf3 g2 37. Rf1 gxf1=Q+ 38. Bxf1 Kf8 39. c3 Ke7
40. Kc2 Kd6 41. b4 Bg3 42. Kd3 Be1 43. Bh3 f6 44. Bf5 Kc7 45. Kc4 Kb6 46. a4
Bd2 47. Be6 Be1 48. Bf7 Bd2 49. Be8 Be1 50. Kd3 Kc7 51. Kc2 Kb6 52. Kb3 Bd2 53.
a5+ Kb7 54. a6+ Kxa6 55. Bxc6 Kb6 56. Bd5 Kc7 57. c4 Kd6 58. c5+ Ke5 59. Kc4 f5
60. exf5 Kxf5 61. b5 Kf6 62. b6 Ke7 63. c6 Bf4 64. Kb5 Kd8 65. Be6 1-0

[Event "2. Bundesliga Ost 2012/2013"]
[Site "6.+7.10., 17.+18.11., 1.12., 2.+3.2., 9.+10.3., 6.
[Date "2013.04.07"]
[Round "11"]
[Board "3"]
[White "Sadilek, Peter"]
[Black "Beck, Hartmuth"]
[Result "0-1"]
[WhiteElo "2248"]
[BlackElo "2295"]
[PlyCount "82"]
[EventDate "2012.10.06"]
[EventType "team"]
[EventRounds "11"]
[EventCountry "AUT"]
[WhiteTeam "tschaturanga"]
[BlackTeam "SK Wien-Ottakring"]

1. d4 f5 2. g3 Nf6 3. Bg2 g6 4. Nf3 Bg7 5. O-O O-O 6. c4 d6 7. Nc3 Qe8 8. Nd5
Nxd5 9. cxd5 Nd7 10. Qb3 Nb6 11. Be3 e6 12. Ng5 exd5 13. Bxd5+ Nxd5 14. Qxd5+
Kh8 15. Rac1 Qe7 16. h4 c6 17. Qf3 h6 18. Nh3 Kh7 19. Nf4 Re8 20. b4 Qe4 21. d5
Qxf3 22. exf3 Bd7 23. Rfd1 Be5 24. Nd3 Bxg3 25. dxc6 Bxc6 26. b5 Bxf3 27. Rc7+
Kg8 28. Rdc1 Bxh4 29. Nf4 Bg5 30. Nxg6 Rxe3 31. fxe3 Bxe3+ 32. Kh2 Bxc1 33.
Rxc1 Kf7 34. Nf4 Rg8 35. Rc3 Be4 36. Rc7+ Kf6 37. Nh5+ Ke5 38. Re7+ Kd4 39. Re6
Rg2+ 40. Kh3 Rxa2 41. Rxd6+ Kc5 0-1

[Event "2. Bundesliga Ost 2012/2013"]
[Site "6.+7.10., 17.+18.11., 1.12., 2.+3.2., 9.+10.3., 6.
[Date "2013.04.07"]
[Round "11"]
[Board "4"]
[White "Ernst, Michael"]
[Black "Kreindl, Helmut"]
[Result "0-1"]
[WhiteElo "2214"]
[BlackElo "2207"]
[PlyCount "102"]
[EventDate "2012.10.06"]
[EventType "team"]
[EventRounds "11"]
[EventCountry "AUT"]
[WhiteTeam "SK Wien-Ottakring"]
[BlackTeam "tschaturanga"]

1. d4 d5 2. Nf3 Nf6 3. e3 c6 4. c4 Bg4 5. Qb3 Qb6 6. Nc3 Bxf3 7. gxf3 e6 8. e4
Bb4 9. Bg5 Nbd7 10. e5 dxc4 11. Bxc4 Nd5 12. Bxd5 cxd5 13. O-O O-O 14. Ne2 h6
15. Be3 Rfc8 16. Kh1 Bf8 17. Qxb6 Nxb6 18. Rfc1 Rxc1+ 19. Rxc1 Rc8 20. Rxc8
Nxc8 21. Kg2 b5 22. Nc1 Ne7 23. Kf1 Nc6 24. Ke2 Kh7 25. Nd3 Nb4 26. Nc1 Kg6 27.
Bd2 Nc6 28. Kd3 Kh5 29. Ne2 Kh4 30. Ng1 Be7 31. a3 f6 32. f4 Bd8 33. b4 Bb6 34.
Be3 f5 35. f3 a5 36. Bf2+ Kh5 37. Kc3 axb4+ 38. axb4 Bd8 39. Ne2 Be7 40. Nc1
Bxb4+ 41. Kc2 Ba5 42. Nb3 Bb6 43. Kd3 g5 44. Ke3 Na5 45. Nc5 Bxc5 46. dxc5
gxf4+ 47. Kxf4 Nc6 48. Bg3 d4 49. Be1 b4 50. Bd2 b3 51. Bc1 Kh4 0-1

[Event "2. Bundesliga Ost 2012/2013"]
[Site "6.+7.10., 17.+18.11., 1.12., 2.+3.2., 9.+10.3., 6.
[Date "2013.04.07"]
[Round "11"]
[Board "5"]
[White "Kleiser, Gregor"]
[Black "Plank, Franz"]
[Result "1/2-1/2"]
[WhiteElo "2286"]
[BlackElo "2198"]
[PlyCount "71"]
[EventDate "2012.10.06"]
[EventType "team"]
[EventRounds "11"]
[EventCountry "AUT"]
[WhiteTeam "tschaturanga"]
[BlackTeam "SK Wien-Ottakring"]

1. e4 d5 2. exd5 Qxd5 3. Nc3 Qa5 4. d4 Nf6 5. Bc4 Nc6 6. Nge2 e5 7. d5 Qb4 8.
Bb3 Na5 9. a3 Qd6 10. Ba2 b6 11. Bg5 Be7 12. Bxf6 Qxf6 13. Ne4 Qg6 14. Qd3 Nb7
15. O-O O-O 16. Rad1 Bf5 17. N2g3 Bxe4 18. Nxe4 Nc5 19. Nxc5 Bxc5 20. Bc4 Qxd3
21. Rxd3 g6 22. Bb5 e4 23. Rh3 Rad8 24. Bc6 a5 25. c3 f5 26. b4 axb4 27. axb4
Bd6 28. f3 exf3 29. Rhxf3 Rf7 30. Re1 Re7 31. Rfe3 Rxe3 32. Rxe3 Kg7 33. h3 Rf8
34. Kf2 Rf7 35. Kf3 Re7 36. Rxe7+ 1/2-1/2

[Event "2. Bundesliga Ost 2012/2013"]
[Site "6.+7.10., 17.+18.11., 1.12., 2.+3.2., 9.+10.3., 6.
[Date "2013.04.07"]
[Round "11"]
[Board "6"]
[White "Schreiber, Ewald"]
[Black "Leitner, Gerald"]
[Result "1/2-1/2"]
[WhiteElo "2049"]
[BlackElo "2206"]
[PlyCount "80"]
[EventDate "2012.10.06"]
[EventType "team"]
[EventRounds "11"]
[EventCountry "AUT"]
[WhiteTeam "SK Wien-Ottakring"]
[BlackTeam "tschaturanga"]

1. d4 Nf6 2. c4 c5 3. d5 e6 4. Nc3 exd5 5. cxd5 d6 6. Nf3 g6 7. g3 Bg7 8. Bg2
O-O 9. O-O a6 10. a4 Re8 11. Nd2 Nbd7 12. h3 Rb8 13. Nc4 Nb6 14. Na3 Bd7 15. a5
Nc8 16. Nc4 Bb5 17. Qb3 Na7 18. Bf4 Bxc4 19. Qxc4 Nh5 20. Bd2 Qd7 21. Rfb1 Nb5
22. e3 f5 23. Qd3 Rbc8 24. Na4 Rc7 25. Nb6 Qe7 26. Rc1 Nf6 27. b4 cxb4 28. Bxb4
Ne4 29. Bxe4 fxe4 30. Qd2 Rxc1+ 31. Rxc1 h5 32. h4 g5 33. Qe2 gxh4 34. Qxh5
hxg3 35. fxg3 Rf8 36. Qg6 Qe5 37. Nd7 Qb2 38. Qe6+ Kh8 39. Qh3+ Kg8 40. Qe6+
Kh8 1/2-1/2

[Event "2. Bundesliga Ost 2012/2013"]
[Site "6.+7.10., 17.+18.11., 1.12., 2.+3.2., 9.+10.3., 6.
[Date "2013.04.07"]
[Round "11"]
[Board "1"]
[White "Lipka, Juraj"]
[Black "Hagara, Eduard"]
[Result "1/2-1/2"]
[WhiteElo "2441"]
[BlackElo "2410"]
[PlyCount "60"]
[EventDate "2012.10.06"]
[EventType "team"]
[EventRounds "11"]
[EventCountry "AUT"]
[WhiteTeam "ASVOE Pamhagen"]
[BlackTeam "ASVOE Lackenbach"]

1. e4 e6 2. d4 d5 3. exd5 exd5 4. Nf3 Nf6 5. Bg5 Bg4 6. Bd3 Bd6 7. O-O O-O 8.
Nbd2 Nbd7 9. c3 c6 10. Qc2 Qc7 11. Rfe1 Rfe8 12. Bf5 Bh5 13. Bh4 Bg6 14. Bg3
Rxe1+ 15. Rxe1 Re8 16. Bxg6 hxg6 17. Rxe8+ Nxe8 18. Qd3 Bxg3 19. hxg3 Nf8 20.
Qe2 Qd7 21. Ne5 Qe6 22. Kf1 f6 23. Nd3 Qxe2+ 24. Kxe2 Kf7 25. g4 g5 26. g3 Nd6
27. Nc5 Ne6 28. Nxe6 Kxe6 29. Ke3 g6 30. f3 b6 1/2-1/2

[Event "2. Bundesliga Ost 2012/2013"]
[Site "6.+7.10., 17.+18.11., 1.12., 2.+3.2., 9.+10.3., 6.
[Date "2013.04.07"]
[Round "11"]
[Board "2"]
[White "Vass, Frantisek"]
[Black "Maslik, Miroslav"]
[Result "1-0"]
[WhiteElo "2292"]
[BlackElo "2376"]
[PlyCount "47"]
[EventDate "2012.10.06"]
[EventType "team"]
[EventRounds "11"]
[EventCountry "AUT"]
[WhiteTeam "ASVOE Lackenbach"]
[BlackTeam "ASVOE Pamhagen"]

1. d4 Nf6 2. Nf3 g6 3. c4 Bg7 4. Nc3 d5 5. e3 O-O 6. Be2 c5 7. O-O cxd4 8. exd4
Nc6 9. b3 b6 10. Bb2 Bb7 11. Ne5 dxc4 12. Bf3 Na5 13. b4 Bxf3 14. Qxf3 Qxd4 15.
Rfe1 Nd7 16. Nxd7 Qxd7 17. bxa5 e6 18. Rad1 Qc8 19. Ba3 Rd8 20. Be7 Re8 21. Bf6
Qc7 22. Nb5 Qc5 23. Nd6 Rf8 24. Be7 1-0

[Event "2. Bundesliga Ost 2012/2013"]
[Site "6.+7.10., 17.+18.11., 1.12., 2.+3.2., 9.+10.3., 6.
[Date "2013.04.07"]
[Round "11"]
[Board "3"]
[White "Hangweyrer, Manfred"]
[Black "Krpelan, Wolfgang"]
[Result "1-0"]
[WhiteElo "2367"]
[BlackElo "2246"]
[PlyCount "91"]
[EventDate "2012.10.06"]
[EventType "team"]
[EventRounds "11"]
[EventCountry "AUT"]
[WhiteTeam "ASVOE Pamhagen"]
[BlackTeam "ASVOE Lackenbach"]

1. Nf3 d5 2. g3 c6 3. Bg2 Nf6 4. O-O Bf5 5. b3 e6 6. Bb2 Be7 7. c4 O-O 8. d3 h6
9. Nbd2 Bh7 10. Qc2 Nbd7 11. Rac1 Ne8 12. cxd5 exd5 13. e4 dxe4 14. dxe4 Bf6
15. Rfe1 Bxb2 16. Qxb2 Nb6 17. Qc3 Qe7 18. a4 Nc7 19. Nh4 Rfe8 20. Ndf3 Nd7 21.
Nd4 Rad8 22. f4 Qf8 23. e5 Ne6 24. Nxe6 fxe6 25. a5 a6 26. Nf3 Qa3 27. Bh3 Nf8
28. Bf1 Rd5 29. Ra1 Qc5+ 30. Qxc5 Rxc5 31. Bc4 Rd8 32. Kf2 Kf7 33. Rec1 Bd3 34.
Ke3 Bxc4 35. bxc4 Ng6 36. Nd2 Nxe5 37. fxe5 Rxe5+ 38. Ne4 Ke7 39. g4 g5 40. h3
h5 41. gxh5 c5 42. Rd1 Rh8 43. Rab1 Rxh5 44. Rxb7+ Ke8 45. Kf3 Rxh3+ 46. Kg2
1-0

[Event "2. Bundesliga Ost 2012/2013"]
[Site "6.+7.10., 17.+18.11., 1.12., 2.+3.2., 9.+10.3., 6.
[Date "2013.04.07"]
[Round "11"]
[Board "5"]
[White "Orlovic, Veljko"]
[Black "Galavics, Hermann"]
[Result "1-0"]
[WhiteElo "2114"]
[BlackElo "2062"]
[PlyCount "95"]
[EventDate "2012.10.06"]
[EventType "team"]
[EventRounds "11"]
[EventCountry "AUT"]
[WhiteTeam "ASVOE Pamhagen"]
[BlackTeam "ASVOE Lackenbach"]

1. d4 d5 2. c4 c6 3. e3 Nf6 4. Nc3 e6 5. a3 Nbd7 6. Nf3 Bd6 7. cxd5 exd5 8. Bd3
O-O 9. O-O Re8 10. b4 Ne4 11. Bb2 Ndf6 12. Ne5 Nxc3 13. Bxc3 Bxe5 14. dxe5 Ng4
15. Qc2 Qh4 16. h3 Nxe5 17. Bf5 Bxf5 18. Qxf5 Qe4 19. Qxe4 dxe4 20. Bxe5 Rxe5
21. Rfd1 Re7 22. Rd4 f5 23. Rc1 g6 24. a4 a6 25. Kh2 Kf7 26. Kg3 Rc8 27. Kf4
Ke6 28. Rcd1 g5+ 29. Kxg5 Rg8+ 30. Kf4 Rxg2 31. R1d2 Rh2 32. Rd6+ Kf7 33. Rh6
Kg7 34. Rh5 h6 35. Kg3 Kg6 36. Rh4 Rh1 37. Rd6+ Kg7 38. Rhxh6 Rb1 39. Rhg6+ Kh7
40. Kf4 Rb2 41. Rg2 Rg7 42. Rxg7+ Kxg7 43. Kxf5 Rxf2+ 44. Kxe4 Rh2 45. Rd7+ Kf6
46. Rxb7 Rxh3 47. Kd4 Ke6 48. Rb6 1-0

[Event "2. Bundesliga Ost 2012/2013"]
[Site "6.+7.10., 17.+18.11., 1.12., 2.+3.2., 9.+10.3., 6.
[Date "2013.04.07"]
[Round "11"]
[Board "6"]
[White "Reitgruber, Dietmar"]
[Black "Horvath, Maria"]
[Result "1/2-1/2"]
[WhiteElo "1945"]
[BlackElo "2009"]
[PlyCount "86"]
[EventDate "2012.10.06"]
[EventType "team"]
[EventRounds "11"]
[EventCountry "AUT"]
[WhiteTeam "ASVOE Lackenbach"]
[BlackTeam "ASVOE Pamhagen"]

1. e4 c5 2. c4 Nc6 3. Nc3 g6 4. g3 Bg7 5. Bg2 e6 6. Nge2 Nge7 7. O-O d6 8. a3
O-O 9. Rb1 Rb8 10. b4 Nd4 11. d3 Nec6 12. b5 Nxe2+ 13. Nxe2 Nd4 14. Nxd4 Bxd4
15. Bh6 Re8 16. Qd2 b6 17. h4 Bb7 18. Kh2 Qd7 19. Be3 Bg7 20. Bh6 f5 21. Bxg7
Qxg7 22. a4 Rbd8 23. Rbe1 Rf8 24. exf5 exf5 25. Bxb7 Qxb7 26. Re6 f4 27. Rfe1
fxg3+ 28. fxg3 Rd7 29. Qg2 Qxg2+ 30. Kxg2 d5 31. a5 dxc4 32. dxc4 Rd2+ 33. R1e2
Rxe2+ 34. Rxe2 Rd8 35. axb6 axb6 36. Re6 Rd4 37. Rxb6 Rxc4 38. Rc6 Rc1 39. b6
Rb1 40. Kf3 c4 41. Rc8+ Kg7 42. Rc7+ Kf6 43. b7 c3 1/2-1/2